Pháp luật đại cương : Tài liệu hướng dẫn học tập

Giáo trình giới thiệu những vấn đề chung về Nhà nước và pháp luật, Nhà nước và pháp luật Việt Nam, các ngành luật thông dụng trong hệ thống pháp luật Việt nam

Uloženo v:
Podrobná bibliografie
Hlavní autor: Phan, Trung Hiền
Médium: Kniha
Jazyk:Undetermined
Vydáno: Cần Thơ Nxb. Đại học Cần Thơ 2012
Témata:
Tagy: Přidat tag
Žádné tagy, Buďte první, kdo otaguje tento záznam!
Thư viện lưu trữ: Trung tâm Học liệu Trường Đại học Cần Thơ
LEADER 00907nam a2200217Ia 4500
001 CTU_229402
008 210402s9999 xx 000 0 und d
082 |a 340.071 
082 |b H305 
100 |a Phan, Trung Hiền 
245 0 |a Pháp luật đại cương : 
245 0 |b Tài liệu hướng dẫn học tập 
245 0 |c Phan Trung Hiền (Biên soạn) 
260 |a Cần Thơ 
260 |b Nxb. Đại học Cần Thơ 
260 |c 2012 
520 |a Giáo trình giới thiệu những vấn đề chung về Nhà nước và pháp luật, Nhà nước và pháp luật Việt Nam, các ngành luật thông dụng trong hệ thống pháp luật Việt nam 
650 |a Luật,Law 
650 |x Dạy và học,Study and teaching 
910 |b nthai 
980 |a Trung tâm Học liệu Trường Đại học Cần Thơ